KOHA-Header-6

Management (Record no. 8433)

000 -LEADER
fixed length control field 00224nam a2200109Ia 4500
020 ## - INTERNATIONAL STANDARD BOOK NUMBER
ISBN 9780030179891
100 ## - MAIN ENTRY--AUTHOR NAME
Personal name Richard L. Daft,
245 #0 - TITLE STATEMENT
Title Management
260 ## - PUBLICATION, DISTRIBUTION, ETC. (IMPRINT)
Place of publication USA
Name of publisher McGraw -Hill
Year of publication 1998
300 ## - PHYSICAL DESCRIPTION
Number of Pages 1180
942 ## - ADDED ENTRY ELEMENTS (KOHA)
Koha item type Books
Holdings
Withdrawn status Lost status Collection code Permanent Location Current Location Shelving location Date acquired Full call number Accession Number Koha item type
    Management MAJU MAJU   2019-09-14 658.404 3140 Management

Powered by Koha